Pick The Songs - Chris Cornell - Statistics

General Stats
  • This quiz has been taken 48 times
  • The average score is 100 of 125
Answer Stats
Question Tile Select % Correct
Pick the songs that appear on Audioslave's self-titled album. Black Hole Sun No
96%
Pick the songs that appear on Audioslave's self-titled album. Fell on Black Days No
96%
Pick the songs that appear on Audioslave's self-titled album. Hungerstrike No
96%
Pick the songs that appear on Audioslave's self-titled album. Jesus Christ Pose No
96%
Pick the songs that appear on Audioslave's self-titled album. Rusty Cage No
96%
Pick the songs that appear on Audioslave's self-titled album. Spoonman No
96%
Pick the songs that appear on Audioslave's self-titled album. Call me a Dog No
93%
Pick the songs that appear on Audioslave's self-titled album. Nearly Forgot My Broken Heart No
93%
Pick the songs that appear on Audioslave's self-titled album. Outshined No
93%
Pick the songs that appear on Audioslave's self-titled album. Reach Down No
93%
Pick the songs that appear on Audioslave's self-titled album. Room a Thousand Years Wide No
93%
Pick the songs that appear on Temple of the Dog (self titled) Black Hole Sun No
91%
Pick the songs that appear on Superunknown by Soundgarden Call me a Dog No
91%
Pick the songs that appear on Superunknown by Soundgarden Can't Change Me No
91%
Pick the songs that appear on Audioslave's self-titled album. Can't Change Me No
91%
Pick the songs that appear on Superunknown by Soundgarden Cochise No
91%
Pick the songs that appear on Temple of the Dog (self titled) Fell on Black Days No
91%
Pick the songs that appear on Superunknown by Soundgarden Hungerstrike No
91%
Pick the songs that appear on Audioslave's self-titled album. My Wave No
91%
Pick the songs that appear on Temple of the Dog (self titled) Outshined No
91%
Pick the songs that appear on Superunknown by Soundgarden Reach Down No
91%
Pick the songs that appear on Superunknown by Soundgarden Room a Thousand Years Wide No
91%
Pick the songs that appear on Temple of the Dog (self titled) Rusty Cage No
91%
Pick the songs that appear on Superunknown by Soundgarden Somewhere No
91%
Pick the songs that appear on Audioslave's self-titled album. Somewhere No
91%
Pick the songs that appear on Temple of the Dog (self titled) Spoonman No
91%
Pick the songs that appear on Audioslave's self-titled album. The Day I Tried to Live No
91%
Pick the songs that appear on Superunknown by Soundgarden The Keeper No
91%
Pick the songs that appear on Superunknown by Soundgarden The Promise No
91%
Pick the songs that appear on Audioslave's self-titled album. The Promise No
91%
Pick the songs that appear on Audioslave's self-titled album. Times of Trouble No
91%
Pick the songs that appear on Superunknown by Soundgarden What You Are No
91%
Pick the songs that appear on Audioslave's self-titled album. Wooden Jesus No
91%
Pick the songs that appear on Temple of the Dog (self titled) You Know My Name No
91%
Pick the songs that appear on Superunknown by Soundgarden Black Hole Sun Yes
89%
Pick the songs that appear on Temple of the Dog (self titled) Cochise No
89%
Pick the songs that appear on Superunknown by Soundgarden I Am The Highway No
89%
Pick the songs that appear on Superunknown by Soundgarden Light My Way No
89%
Pick the songs that appear on Temple of the Dog (self titled) Like A Stone No
89%
Pick the songs that appear on Superunknown by Soundgarden Like A Stone No
89%
Pick the songs that appear on Temple of the Dog (self titled) My Wave No
89%
Pick the songs that appear on Superunknown by Soundgarden Nearly Forgot My Broken Heart No
89%
Pick the songs that appear on Audioslave's self-titled album. The Keeper No
89%
Pick the songs that appear on Superunknown by Soundgarden Times of Trouble No
89%
Pick the songs that appear on Superunknown by Soundgarden Wooden Jesus No
89%
Pick the songs that appear on Superunknown by Soundgarden You Know My Name No
89%
Pick the songs that appear on Audioslave's self-titled album. You Know My Name No
89%
Pick the songs that appear on Temple of the Dog (self titled) I Am The Highway No
87%
Pick the songs that appear on Temple of the Dog (self titled) Jesus Christ Pose No
87%
Pick the songs that appear on Audioslave's self-titled album. Like A Stone Yes
87%
Pick the songs that appear on Superunknown by Soundgarden Outshined No
87%
Pick the songs that appear on Superunknown by Soundgarden Rusty Cage No
87%
Pick the songs that appear on Temple of the Dog (self titled) The Day I Tried to Live No
87%
Pick the songs that appear on Temple of the Dog (self titled) What You Are No
87%
Pick the songs that appear on Superunknown by Soundgarden Jesus Christ Pose No
84%
Pick the songs that appear on Superunknown by Soundgarden Spoonman Yes
84%
Pick the songs that Chris Cornell released as a solo act. Black Hole Sun No
82%
Pick the songs that Chris Cornell released as a solo act. Call me a Dog No
82%
Pick the songs that appear on Temple of the Dog (self titled) Can't Change Me No
82%
Pick the songs that appear on Superunknown by Soundgarden Fell on Black Days Yes
82%
Pick the songs that Chris Cornell released as a solo act. Fell on Black Days No
82%
Pick the songs that appear on Temple of the Dog (self titled) Hungerstrike Yes
82%
Pick the songs that Chris Cornell released as a solo act. Jesus Christ Pose No
82%
Pick the songs that appear on Temple of the Dog (self titled) Nearly Forgot My Broken Heart No
82%
Pick the songs that appear on Temple of the Dog (self titled) Room a Thousand Years Wide No
82%
Pick the songs that appear on Badmotorfinger by Soundgarden Call me a Dog No
80%
Pick the songs that appear on Badmotorfinger by Soundgarden Cochise No
80%
Pick the songs that appear on Audioslave's self-titled album. Cochise Yes
80%
Pick the songs that appear on Badmotorfinger by Soundgarden Hungerstrike No
80%
Pick the songs that Chris Cornell released as a solo act. Hungerstrike No
80%
Pick the songs that appear on Temple of the Dog (self titled) Light My Way No
80%
Pick the songs that appear on Badmotorfinger by Soundgarden Like A Stone No
80%
Pick the songs that Chris Cornell released as a solo act. Like A Stone No
80%
Pick the songs that Chris Cornell released as a solo act. Outshined No
80%
Pick the songs that appear on Temple of the Dog (self titled) Somewhere No
80%
Pick the songs that Chris Cornell released as a solo act. Spoonman No
80%
Pick the songs that Chris Cornell released as a solo act. The Day I Tried to Live No
80%
Pick the songs that appear on Temple of the Dog (self titled) The Promise No
80%
Pick the songs that appear on Badmotorfinger by Soundgarden What You Are No
80%
Pick the songs that appear on Badmotorfinger by Soundgarden You Know My Name No
80%
Pick the songs that appear on Badmotorfinger by Soundgarden Black Hole Sun No
78%
Pick the songs that appear on Temple of the Dog (self titled) Call me a Dog Yes
78%
Pick the songs that appear on Badmotorfinger by Soundgarden Can't Change Me No
78%
Pick the songs that Chris Cornell released as a solo act. Cochise No
78%
Pick the songs that appear on Badmotorfinger by Soundgarden Fell on Black Days No
78%
Pick the songs that appear on Badmotorfinger by Soundgarden I Am The Highway No
78%
Pick the songs that Chris Cornell released as a solo act. I Am The Highway No
78%
Pick the songs that appear on Badmotorfinger by Soundgarden Light My Way No
78%
Pick the songs that appear on Badmotorfinger by Soundgarden Nearly Forgot My Broken Heart No
78%
Pick the songs that Chris Cornell released as a solo act. Rusty Cage No
78%
Pick the songs that appear on Badmotorfinger by Soundgarden The Day I Tried to Live No
78%
Pick the songs that appear on Badmotorfinger by Soundgarden The Promise No
78%
Pick the songs that appear on Audioslave's self-titled album. I Am The Highway Yes
76%
Pick the songs that appear on Badmotorfinger by Soundgarden My Wave No
76%
Pick the songs that Chris Cornell released as a solo act. My Wave No
76%
Pick the songs that appear on Badmotorfinger by Soundgarden Reach Down No
76%
Pick the songs that appear on Badmotorfinger by Soundgarden Spoonman No
76%
Pick the songs that appear on Temple of the Dog (self titled) The Keeper No
76%
Pick the songs that appear on Badmotorfinger by Soundgarden The Keeper No
76%
Pick the songs that appear on Badmotorfinger by Soundgarden Wooden Jesus No
76%
Pick the songs that Chris Cornell released as a solo act. Somewhere No
73%
Pick the songs that appear on Badmotorfinger by Soundgarden Times of Trouble No
73%
Pick the songs that Chris Cornell released as a solo act. Times of Trouble No
73%
Pick the songs that Chris Cornell released as a solo act. Reach Down No
71%
Pick the songs that Chris Cornell released as a solo act. Room a Thousand Years Wide No
71%
Pick the songs that appear on Superunknown by Soundgarden The Day I Tried to Live Yes
71%
Pick the songs that appear on Badmotorfinger by Soundgarden Jesus Christ Pose Yes
69%
Pick the songs that Chris Cornell released as a solo act. What You Are No
69%
Pick the songs that Chris Cornell released as a solo act. Wooden Jesus No
69%
Pick the songs that Chris Cornell released as a solo act. Light My Way No
67%
Pick the songs that appear on Badmotorfinger by Soundgarden Outshined Yes
67%
Pick the songs that appear on Badmotorfinger by Soundgarden Rusty Cage Yes
67%
Pick the songs that Chris Cornell released as a solo act. You Know My Name Yes
60%
Pick the songs that appear on Superunknown by Soundgarden My Wave Yes
53%
Pick the songs that Chris Cornell released as a solo act. Nearly Forgot My Broken Heart Yes
53%
Pick the songs that appear on Temple of the Dog (self titled) Reach Down Yes
51%
Pick the songs that appear on Audioslave's self-titled album. What You Are Yes
49%
Pick the songs that appear on Temple of the Dog (self titled) Wooden Jesus Yes
49%
Pick the songs that Chris Cornell released as a solo act. Can't Change Me Yes
47%
Pick the songs that appear on Badmotorfinger by Soundgarden Room a Thousand Years Wide Yes
47%
Pick the songs that Chris Cornell released as a solo act. The Promise Yes
47%
Pick the songs that appear on Temple of the Dog (self titled) Times of Trouble Yes
47%
Pick the songs that appear on Audioslave's self-titled album. Light My Way Yes
38%
Pick the songs that Chris Cornell released as a solo act. The Keeper Yes
38%
Pick the songs that appear on Badmotorfinger by Soundgarden Somewhere Yes
33%
No matching quizzes found
Score Distribution
Percent of People with Each Score
Percentile by Number Answered
Your Score History
You have not taken this quiz